Modifications aux programmes et aux horaires de l'enseignement secondaire et des écoles primaires supérieures [könyvismertetés] /

Elmentve itt :
Bibliográfiai részletek
Szerző: Nagy J. Béla
Dokumentumtípus: Cikk
Megjelent: 1938
Sorozat:Magyar pedagógia : a Magyar Tudományos Akadémia Pedagógiai Bizottságának folyóirata 47
Kulcsszavak:Oktatásügy Franciaország könyvismertetés, Franciaország oktatásügye
Online Access:http://misc.bibl.u-szeged.hu/11170
LEADER 00803nab a2200181 i 4500
001 misc11170
005 20191106142051.0
008 170607s1938 hu o 0|| hun d
022 |a 0025-0260 
040 |a SZTE Miscellanea Repozitórium  |b hun 
041 |a hun 
100 2 |a Nagy J. Béla 
245 1 0 |a Modifications aux programmes et aux horaires de l'enseignement secondaire et des écoles primaires supérieures   |h [elektronikus dokumentum] :  |b [könyvismertetés] /  |c  Nagy J. Béla 
260 |c 1938 
300 |a 313-314 
490 0 |a Magyar pedagógia : a Magyar Tudományos Akadémia Pedagógiai Bizottságának folyóirata  |v 47 
695 |a Oktatásügy Franciaország könyvismertetés, Franciaország oktatásügye 
856 4 0 |u http://misc.bibl.u-szeged.hu/11170/1/mp_1938_3777_313-314.pdf  |z Dokumentum-elérés